[Event "Bergen Grand Prix"]
[Site "Bergen"]
[Date "2010.11.26"]
[Round "1"]
[White "Johnson, Elin"]
[Black "Kyrkjebo, Marte Bakken"]
[Result "0-1"]
[WhiteElo "869"]
[BlackElo "1155"]
[PlyCount "42"]
[EventDate "2010.11.26"]
[EventType "swiss"]
[EventRounds "5"]
[EventCountry "NOR"]
[SourceTitle "EXT 2024"]
[Source "ChessBase"]
[SourceDate "2023.10.10"]
[SourceVersion "1"]
[SourceVersionDate "2023.10.10"]
[SourceQuality "1"]

1. e4 e5 2. Nf3 Nc6 3. d4 exd4 4. Nxd4 Bc5 5. c3 Qf6 6. Be3 Nge7 7. Bc4 Ne5 8. Bb3 d6 9. h3 0-0 10. 0-0 Qg6 11. Kh2 Qxe4 12. Bc2 Qh4 13. f3 Nc4 14. Bf2 Qf4+ 15. g3 Qh6 16. Qe2 Qxh3+ 17. Kg1 Be6 18. Nxe6 Qxg3+ 19. Kh1 Qh3+ 20. Kg1 Qxe6 21. Bxc5 Qxe2 0-1